| 000 | 00419nam a2200169Ia 4500 | ||
|---|---|---|---|
| 008 | 230711s9999||||xx |||||||||||||| ||und|| | ||
| 041 | _aENG | ||
| 082 |
_a624 _bAP-G |
||
| 100 | _aAppelo,C.A.J | ||
| 245 | 0 | _aGeoChemistry, Groundwater and Pollution | |
| 250 | _a1st Ed. | ||
| 260 |
_c1993 _aNew Delhi _bA A Balkema Publishers |
||
| 300 | _a536 | ||
| 650 | _aCivil Engineering | ||
| 700 | _aPostma,Dieke | ||
| 942 | _cBK | ||
| 999 |
_c2768 _d2768 |
||